000 00605nam a2200181Ia 4500
008 100921s9999 xx 000 0 und d
082 _b8807
_a820 थ 37
100 _aSeetaramayya Pattabhi.
245 _aThe Economic Conquest Of India.
260 _bहिंदुस्थान प्रकाशन संस्था,मुंबई.
_c1937
300 _a164
_b---
365 _b0
520 _aललित इंग्रजी.
630 _aThe Economic Conquest Of India.
650 _aललित इंग्रजी.
730 _aThe Economic Conquest Of India.
942 _cBOOK
999 _c757920
_d757917